| 000 | 00528nam a22001697a 4500 | ||
|---|---|---|---|
| 005 | 20251108172809.0 | ||
| 008 | 250721s2003 xx 000 0 ara d | ||
| 082 | 1 | 4 | _a006.6/شاف |
| 100 | 1 | _aالشافعي، شريف فتحي | |
| 245 | 1 | 0 | _aAuto CAD 2002 الدليل العملي لبرنامج / |
| 264 | 1 |
_aالقاهرة : _bدار الكتب العلمية، _c2003. |
|
| 300 | _a718 ص | ||
| 650 | 1 | 7 | _aالحواسيب |
| 650 | 1 | 7 | _aالرسم بمساعدة الحاسوب |
| 942 |
_2ddc _cBK |
||
| 999 |
_c88738 _d88738 |
||